[Event "XIV Miedzynarodowe Mistrzostwa Gdanska "]
[Site "Centrum Edukacji Nauczycieli "]
[Date "2012.??.??"]
[Round "9.7"]
[White "Kobus, Sebastian"]
[Black "Zolnierowicz, Krzysztof"]
[Result "1-0"]
[WhiteElo "2097"]
[BlackElo "2226"]
[PlyCount "77"]
[EventDate "2012.??.??"]

1. e4 e5 2. Nc3 Nf6 3. f4 d5 4. fxe5 Nxe4 5. Qf3 Nxc3 6. bxc3 c5 7. Bb5+ Nc6 8.
Ne2 Qb6 9. Bxc6+ Qxc6 10. O-O Be6 11. d4 Rd8 12. Bg5 Rd7 13. Nf4 h6 14. Bh4 g5
15. Nxe6 Qxe6 16. Bf2 c4 17. Be3 Bg7 18. Rf2 O-O 19. Bd2 f5 20. exf6 Bxf6 21.
Re1 Qc6 22. Qh3 Kg7 23. Qg4 Rdf7 24. Kh1 Qd7 25. Qh5 Bd8 26. Rxf7+ Rxf7 27. h4
Qf5 28. hxg5 Bxg5 29. Bxg5 Qxg5 30. Qxg5+ hxg5 31. Kg1 Kf6 32. Re5 Rd7 33. Kf2
b5 34. Kf3 a5 35. a3 b4 36. cxb4 axb4 37. axb4 c3 38. b5 Rd6 39. Ke3 1-0

[Event "XIV Miedzynarodowe Mistrzostwa Gdanska "]
[Site "Centrum Edukacji Nauczycieli "]
[Date "2012.??.??"]
[Round "9.8"]
[White "Zielinski, Wojciech"]
[Black "Rybak, Tomasz"]
[Result "0-1"]
[WhiteElo "2122"]
[BlackElo "2221"]
[PlyCount "80"]
[EventDate "2012.??.??"]

1. e4 c6 2. d4 d5 3. f3 g6 4. e5 Bg7 5. Bd3 c5 6. c3 Nc6 7. Ne2 Qb6 8. f4 f6 9.
b3 Nh6 10. Be3 cxd4 11. Nxd4 fxe5 12. Nf5 d4 13. Nxg7+ Kf8 14. cxd4 exd4 15.
Bc1 Kxg7 16. O-O Bf5 17. Bb2 Rhf8 18. Na3 Rad8 19. Nc4 Qc7 20. g3 Kg8 21. Rc1
Qd7 22. Re1 Rf6 23. Qd2 Bxd3 24. Qxd3 Re6 25. Qd2 Nf5 26. Rxe6 Qxe6 27. Re1 Qd5
28. Ne5 Nxe5 29. Rxe5 Qf3 30. Qe2 Qxe2 31. Rxe2 h5 32. Kf2 Kf7 33. h3 Rc8 34.
g4 hxg4 35. hxg4 d3 36. Rd2 Nh6 37. g5 Nf5 38. Be5 Ke6 39. Rxd3 Rc2+ 40. Ke1
Rxa2 0-1

[Event "XIV Miedzynarodowe Mistrzostwa Gdanska "]
[Site "Centrum Edukacji Nauczycieli "]
[Date "2012.??.??"]
[Round "9.9"]
[White "Kotlowski, Tomasz"]
[Black "Piankov, Evgenij"]
[Result "1-0"]
[WhiteElo "1995"]
[BlackElo "2338"]
[PlyCount "59"]
[EventDate "2012.??.??"]

1. d4 d5 2. Nf3 Nf6 3. c4 c6 4. cxd5 cxd5 5. Nc3 Nc6 6. Bg5 Ne4 7. Bf4 e6 8. a3
Nxc3 9. bxc3 Bd7 10. e3 Na5 11. Ne5 Rc8 12. Qc2 f6 13. Nxd7 Qxd7 14. Bd3 g6 15.
O-O Nc4 16. e4 Kf7 17. a4 Bd6 18. Bc1 Rc7 19. f4 f5 20. exf5 exf5 21. g4 Kf6
22. Qg2 fxg4 23. Qxd5 Rhc8 24. Qg5+ Kg7 25. f5 Kh8 26. fxg6 hxg6 27. Bxg6 Qg7
28. Qh5+ Kg8 29. Bh6 Qe7 30. Bf7+ 1-0

[Event "XIV Miedzynarodowe Mistrzostwa Gdanska "]
[Site "Centrum Edukacji Nauczycieli "]
[Date "2012.??.??"]
[Round "9.10"]
[White "Piesik, Piotr"]
[Black "Gluszko, Monika"]
[Result "1/2-1/2"]
[WhiteElo "2226"]
[BlackElo "2015"]
[PlyCount "101"]
[EventDate "2012.??.??"]

1. d4 Nf6 2. Nf3 g6 3. g3 Bg7 4. Bg2 O-O 5. O-O d5 6. c4 dxc4 7. Na3 c3 8. bxc3
c5 9. Qb3 Nc6 10. Rd1 Na5 11. Qb2 c4 12. Ne5 Be6 13. e4 Nxe4 14. Nxf7 Rxf7 15.
Bxe4 Bd5 16. Qe2 Qd7 17. Bf4 Raf8 18. f3 b5 19. Rab1 a6 20. Nc2 Nc6 21. a4 g5
22. Bxg5 Rxf3 23. Bxf3 Bxf3 24. Qd2 Bxd1 25. Rxd1 bxa4 26. Qe2 Qd5 27. Bf4 Kh8
28. Re1 Qg8 29. Qe6 Qxe6 30. Rxe6 Rf6 31. Re1 Rf5 32. Ne3 Rb5 33. Nxc4 Rb3 34.
Bd2 a3 35. Kg2 Na7 36. Re6 Nb5 37. Rxa6 Kg8 38. Ra4 Kf7 39. Kf2 Ke6 40. Ke2 a2
41. Ra6+ Kf7 42. Rxa2 Nxc3+ 43. Bxc3 Rxc3 44. Na3 Bxd4 45. Nb5 Re3+ 46. Kd2 Bc5
47. Rc2 Re5 48. Kd3 Bg1 49. Nc3 Rh5 50. h4 Rf5 51. Ke4 1/2-1/2

[Event "XIV Miedzynarodowe Mistrzostwa Gdanska "]
[Site "Centrum Edukacji Nauczycieli "]
[Date "2012.??.??"]
[Round "9.11"]
[White "Ulanowski, Karol"]
[Black "Zielinski, Maciej"]
[Result "1-0"]
[WhiteElo "1987"]
[BlackElo "2096"]
[PlyCount "57"]
[EventDate "2012.??.??"]

1. e4 e5 2. Nf3 Nc6 3. Bb5 a6 4. Ba4 d6 5. c4 Bd7 6. Nc3 Be7 7. O-O Nf6 8. d4
exd4 9. Nxd4 O-O 10. Nxc6 bxc6 11. h3 Re8 12. Qf3 Rb8 13. b3 h6 14. Ba3 Nh7 15.
Rad1 Bf6 16. c5 Ng5 17. Qd3 Bxc3 18. cxd6 Nxe4 19. dxc7 Qxc7 20. Qxd7 Qf4 21.
Bc1 Qh4 22. Bxc6 Nxf2 23. Rxf2 Rbd8 24. Qxf7+ Kh8 25. Rxd8 Rxd8 26. Rf1 Bb4 27.
Bb2 Qg3 28. Qf3 Qg6 29. Be4 1-0

[Event "XIV Miedzynarodowe Mistrzostwa Gdanska "]
[Site "Centrum Edukacji Nauczycieli "]
[Date "2012.??.??"]
[Round "9.12"]
[White "Wrzesinski, Pawel"]
[Black "Kanarkiewicz, Michal"]
[Result "1-0"]
[WhiteElo "1960"]
[BlackElo "2079"]
[PlyCount "111"]
[EventDate "2012.??.??"]

1. e4 c5 2. Nf3 d6 3. d4 cxd4 4. Nxd4 Nf6 5. Nc3 a6 6. f4 e6 7. Be2 Be7 8. O-O
O-O 9. Kh1 Qc7 10. Be3 Nc6 11. Nxc6 bxc6 12. Qe1 Rb8 13. b3 Re8 14. e5 Nd5 15.
Nxd5 cxd5 16. Qd2 dxe5 17. fxe5 Bb4 18. Qd3 Bc3 19. Rxf7 Qxf7 20. Qxc3 Bb7 21.
Rf1 Qg6 22. Bc5 Rec8 23. b4 a5 24. Qh3 axb4 25. Bd3 Qh6 26. Qf3 d4 27. Qf7+ Kh8
28. Bd6 Qg5 29. Rf2 Qd8 30. Bxb8 Rxb8 31. Qxe6 Bd5 32. Qd6 Bxa2 33. Rf4 Qxd6
34. exd6 Rd8 35. Rxd4 Kg8 36. Kg1 g6 37. Kf2 Kf7 38. Ke3 Ke6 39. Rxb4 Bd5 40.
Be4 Rxd6 41. Rd4 Ba2 42. Rxd6+ Kxd6 43. Kf4 Ke6 44. Kg5 Bb1 45. h4 Ba2 46. h5
gxh5 47. Bxh7 Kf7 48. Kxh5 Bd5 49. g4 Kf6 50. g5+ Kg7 51. Bf5 Bc4 52. Kg4 Ba2
53. Kf4 Bb1 54. Ke5 Kf7 55. c4 Ba2 56. c5 1-0

[Event "XIV Miedzynarodowe Mistrzostwa Gdanska "]
[Site "Centrum Edukacji Nauczycieli "]
[Date "2012.??.??"]
[Round "9.13"]
[White "Zhuk, Ivan"]
[Black "Zhuk, Ilya"]
[Result "1-0"]
[WhiteElo "1642"]
[BlackElo "1904"]
[PlyCount "41"]
[EventDate "2012.??.??"]

1. e4 e6 2. d4 d5 3. Nc3 Bb4 4. e5 c5 5. a3 Ba5 6. Nf3 Nc6 7. Bg5 Nge7 8. Bb5
Qb6 9. O-O Bxc3 10. Bxc6+ Nxc6 11. bxc3 O-O 12. Qd2 Bd7 13. Bf6 h6 14. a4 Qa5
15. Qf4 Kh7 16. Ng5+ Kg6 17. g4 Qxc3 18. h4 h5 19. gxh5+ Kxh5 20. Ne4 gxf6 21.
Nxf6+ 1-0

[Event "XIV Miedzynarodowe Mistrzostwa Gdanska "]
[Site "Centrum Edukacji Nauczycieli "]
[Date "2012.??.??"]
[Round "9.14"]
[White "Moszczenski, Milosz"]
[Black "Pioch, Zygmunt"]
[Result "0-1"]
[WhiteElo "1718"]
[BlackElo "2120"]
[PlyCount "58"]
[EventDate "2012.??.??"]

1. d4 Nf6 2. c4 e6 3. Nc3 Bb4 4. Qc2 O-O 5. a3 Bxc3+ 6. Qxc3 b6 7. Bg5 Bb7 8.
f3 h6 9. Bh4 c5 10. dxc5 bxc5 11. Bxf6 Qxf6 12. Qxf6 gxf6 13. e4 d5 14. cxd5
exd5 15. exd5 Bxd5 16. Rc1 Rc8 17. Bb5 a6 18. Bc4 Bxc4 19. Rxc4 Nd7 20. Ne2
Rab8 21. Rc2 Rb3 22. Nc1 Rb7 23. Kd2 Ne5 24. b4 Rd8+ 25. Kc3 cxb4+ 26. axb4
Rc8+ 27. Kb3 Rxb4+ 28. Kxb4 Rxc2 29. Rg1 Rxc1 0-1

[Event "XIV Miedzynarodowe Mistrzostwa Gdanska "]
[Site "Centrum Edukacji Nauczycieli "]
[Date "2012.??.??"]
[Round "9.15"]
[White "Marszk, Kazimierz"]
[Black "Grabowski, Jan"]
[Result "1-0"]
[WhiteElo "2050"]
[BlackElo "1886"]
[PlyCount "87"]
[EventDate "2012.??.??"]

1. e4 e6 2. d4 d5 3. exd5 exd5 4. Bd3 Nc6 5. Nf3 Bd6 6. Be3 Nge7 7. c3 Bg4 8.
Nbd2 Qd7 9. Qc2 h6 10. h3 Be6 11. O-O-O O-O-O 12. Nb3 Bf5 13. Rhe1 Bxd3 14.
Qxd3 Qf5 15. Qb5 a6 16. Qa4 Kb8 17. Nc5 Na7 18. b4 Nec8 19. Nd2 Nb5 20. Qc2
Qxc2+ 21. Kxc2 Bxc5 22. bxc5 Rhe8 23. a4 Nba7 24. Rb1 Nc6 25. Bf4 N8e7 26. Kd3
Ng6 27. Bg3 Rxe1 28. Rxe1 Kc8 29. f4 Nge7 30. Bh4 f6 31. g4 g5 32. Bg3 Kd7 33.
c4 dxc4+ 34. Kxc4 Kc8 35. Nb3 Nd5 36. fxg5 hxg5 37. h4 Nce7 38. h5 f5 39. Re5
fxg4 40. Rxg5 Rf8 41. Nd2 Rf5 42. Rxf5 Ne3+ 43. Kd3 N3xf5 44. Ne4 1-0

[Event "XIV Miedzynarodowe Mistrzostwa Gdanska "]
[Site "Centrum Edukacji Nauczycieli "]
[Date "2012.??.??"]
[Round "9.16"]
[White "Grajczak, Adrian"]
[Black "Sieklucki, Adam"]
[Result "1-0"]
[WhiteElo "1999"]
[BlackElo "1847"]
[PlyCount "69"]
[EventDate "2012.??.??"]

1. e4 e5 2. Nf3 Nc6 3. Bb5 g6 4. O-O Bg7 5. c3 d6 6. h3 Nge7 7. d4 O-O 8. dxe5
Nxe5 9. Nxe5 dxe5 10. Qe2 Be6 11. Rd1 Qc8 12. Be3 c6 13. Ba4 Qc7 14. Nd2 b6 15.
Bb3 Bxb3 16. axb3 Rad8 17. Qa6 Rd7 18. Nc4 Rfd8 19. Rxd7 Rxd7 20. b4 h6 21. g3
f5 22. exf5 Nxf5 23. Re1 Qd8 24. Qa2 Kh7 25. Qb1 Rd3 26. Bd4 Rxg3+ 27. fxg3
exd4 28. Qd3 Qg5 29. Kh2 b5 30. Ne5 h5 31. cxd4 h4 32. g4 Qf4+ 33. Kg2 Qxd4 34.
gxf5 Bxe5 35. fxg6+ 1-0

[Event "XIV Miedzynarodowe Mistrzostwa Gdanska "]
[Site "Centrum Edukacji Nauczycieli "]
[Date "2012.??.??"]
[Round "9.18"]
[White "Pofelski, Andrzej"]
[Black "Smalara, Kazimierz"]
[Result "0-1"]
[WhiteElo "1842"]
[BlackElo "1951"]
[PlyCount "58"]
[EventDate "2012.??.??"]

1. Nf3 Nf6 2. c4 g6 3. Nc3 Bg7 4. g3 O-O 5. Bg2 d6 6. O-O c6 7. d4 Qc7 8. e4 e5
9. dxe5 dxe5 10. Qe2 Nbd7 11. b3 Re8 12. Rd1 Nf8 13. Ba3 Bg4 14. h3 Bxf3 15.
Bxf3 Rad8 16. Rxd8 Rxd8 17. Rd1 Ne6 18. Rxd8+ Qxd8 19. Qd1 Nd4 20. Kg2 Ne8 21.
Bb2 Qd6 22. Qd3 Nc7 23. Ne2 Nce6 24. Nxd4 exd4 25. Qd2 Qe5 26. h4 Nc5 27. Qa5
h6 28. Qxa7 Nd3 29. Kh2 Nxb2 0-1

[Event "XIV Miedzynarodowe Mistrzostwa Gdanska "]
[Site "Centrum Edukacji Nauczycieli "]
[Date "2012.??.??"]
[Round "9.20"]
[White "Zwara, Szymon"]
[Black "Walkusz, Miroslaw"]
[Result "0-1"]
[WhiteElo "1737"]
[BlackElo "1938"]
[PlyCount "46"]
[EventDate "2012.??.??"]

1. e4 c5 2. Nf3 d6 3. d4 cxd4 4. Nxd4 Nf6 5. Nc3 a6 6. Be2 e5 7. Nb3 b5 8. a3
Be6 9. f4 Qc7 10. g4 h6 11. g5 hxg5 12. fxg5 Nfd7 13. Bg4 Nc6 14. Bxe6 fxe6 15.
Qg4 Nd8 16. Be3 Rc8 17. O-O-O a5 18. Rd2 a4 19. Na1 b4 20. axb4 a3 21. Nb5
axb2+ 22. Kxb2 Qc4 23. Na3 Qc3+ 0-1

[Event "XIV Miedzynarodowe Mistrzostwa Gdanska "]
[Site "Centrum Edukacji Nauczycieli "]
[Date "2012.??.??"]
[Round "9.22"]
[White "Traczewski, Wojciech"]
[Black "Szczepaniec, Stanislaw"]
[Result "0-1"]
[WhiteElo "1778"]
[BlackElo "2059"]
[PlyCount "60"]
[EventDate "2012.??.??"]

1. e4 c5 2. Nf3 Nc6 3. d4 cxd4 4. Nxd4 g6 5. Nc3 Bg7 6. Be3 Nf6 7. Bc4 Qa5 8.
O-O O-O 9. Bb3 d6 10. h3 Bd7 11. Qd2 Nxd4 12. Bxd4 Nxe4 13. Qe3 Nxc3 14. Bxg7
Kxg7 15. bxc3 Qe5 16. Qxe5+ dxe5 17. Bd5 Bc6 18. Rfd1 Rfd8 19. Bxc6 bxc6 20. c4
Rd4 21. Rxd4 exd4 22. Rb1 Kf6 23. Rb7 Ke6 24. c5 f6 25. Rc7 Kd5 26. Rxe7 Rb8
27. f3 Rb2 28. Re2 Kxc5 29. a3 d3 30. Rd2 dxc2 0-1

[Event "XIV Miedzynarodowe Mistrzostwa Gdanska "]
[Site "Centrum Edukacji Nauczycieli "]
[Date "2012.??.??"]
[Round "9.23"]
[White "Wyczling, Bartosz"]
[Black "Pastuszko, Kinga"]
[Result "1-0"]
[WhiteElo "1591"]
[BlackElo "1958"]
[PlyCount "73"]
[EventDate "2012.??.??"]

1. d4 d5 2. c4 e6 3. Nc3 c5 4. cxd5 exd5 5. Nf3 Nf6 6. g3 Nc6 7. Bg2 Bd6 8. O-O
O-O 9. Bg5 Be6 10. Bxf6 Qxf6 11. dxc5 Bxc5 12. Nxd5 Qxb2 13. Nc7 Rad8 14. Qc1
Qxc1 15. Raxc1 Ba3 16. Nxe6 fxe6 17. Rc3 Bb4 18. Rb3 a5 19. h4 b5 20. e3 Rb8
21. Ng5 Nd8 22. Bh3 Re8 23. Rc1 h6 24. Nf3 Nb7 25. Nd4 Nc5 26. Rxb4 Nd3 27.
Rbb1 Nxc1 28. Rxc1 Rb6 29. Rc5 Kf7 30. Rxb5 Rxb5 31. Nxb5 Rb8 32. a4 Ke7 33.
Nd4 Kd6 34. Bxe6 Rb4 35. Bb3 g5 36. hxg5 hxg5 37. Kf1 1-0

[Event "XIV Miedzynarodowe Mistrzostwa Gdanska "]
[Site "Centrum Edukacji Nauczycieli "]
[Date "2012.??.??"]
[Round "9.25"]
[White "Gostomski, Mariusz"]
[Black "Grota, Mateusz"]
[Result "0-1"]
[WhiteElo "1588"]
[BlackElo "1815"]
[PlyCount "72"]
[EventDate "2012.??.??"]

1. e4 d6 2. d4 Nf6 3. Nc3 g6 4. Nf3 Bg7 5. Be2 O-O 6. O-O Nbd7 7. h3 e5 8. dxe5
dxe5 9. Be3 c6 10. a4 Qe7 11. Qd3 Ne8 12. Rfd1 h6 13. Qc4 Kh8 14. a5 a6 15. Na4
f5 16. Nc5 Ndf6 17. Ra4 Nd6 18. Qc3 Re8 19. Nxe5 Kh7 20. f4 Ndxe4 21. Nxe4 Nxe4
22. Rxe4 fxe4 23. Bc5 Qh4 24. Qe3 Bf5 25. g4 Be6 26. Qxe4 Qg3+ 27. Kf1 Bxe5 28.
Qxe5 Qxh3+ 29. Kf2 Qh2+ 30. Kf1 Bf7 31. Be7 Rxe7 32. Qxe7 Qxf4+ 33. Kg2 Re8 34.
Rd4 Rxe7 35. Rxf4 Rxe2+ 36. Kf3 Re7 0-1

[Event "XIV Miedzynarodowe Mistrzostwa Gdanska "]
[Site "Centrum Edukacji Nauczycieli "]
[Date "2012.??.??"]
[Round "9.26"]
[White "Albin, Grzegorz"]
[Black "Kotlowska, Anna"]
[Result "0-1"]
[WhiteElo "1804"]
[BlackElo "1647"]
[PlyCount "50"]
[EventDate "2012.??.??"]

1. d4 Nf6 2. Nf3 g6 3. e3 Bg7 4. c4 d6 5. h3 O-O 6. Bd3 Nfd7 7. Nc3 Re8 8. e4
e5 9. d5 Nc5 10. Bc2 a5 11. Be3 Nbd7 12. Qe2 Nb6 13. O-O Nbd7 14. Rfd1 Rf8 15.
a3 f5 16. Bd2 fxe4 17. Nxe4 Nxe4 18. Bxe4 Nc5 19. Bc2 Qe8 20. Be4 b6 21. b4
axb4 22. axb4 Rxa1 23. Rxa1 Nxe4 24. Qxe4 Bf5 25. Qh4 e4 0-1

[Event "XIV Miedzynarodowe Mistrzostwa Gdanska "]
[Site "Centrum Edukacji Nauczycieli "]
[Date "2012.??.??"]
[Round "9.28"]
[White "Cichocka, Urszula"]
[Black "Ciszewski, Marek"]
[Result "1-0"]
[WhiteElo "1723"]
[BlackElo "1953"]
[PlyCount "37"]
[EventDate "2012.??.??"]

1. e4 d6 2. d4 Nf6 3. Nc3 g6 4. Be3 Bg7 5. f3 a6 6. Qd2 Nc6 7. O-O-O b5 8. Bh6
Bxh6 9. Qxh6 e5 10. Nge2 Nxd4 11. Nxd4 exd4 12. Rxd4 Nd7 13. Nd5 c6 14. Qg7 Rf8
15. Nc3 Qg5+ 16. Kb1 Qe5 17. Qxe5+ dxe5 18. Rd6 Bb7 19. Be2 1-0

[Event "XIV Miedzynarodowe Mistrzostwa Gdanska "]
[Site "Centrum Edukacji Nauczycieli "]
[Date "2012.??.??"]
[Round "9.29"]
[White "Zaleski, Lukasz"]
[Black "Les, Czeslaw"]
[Result "1/2-1/2"]
[WhiteElo "1652"]
[BlackElo "1915"]
[PlyCount "80"]
[EventDate "2012.??.??"]

1. e4 d5 2. exd5 Nf6 3. Bb5+ Bd7 4. Be2 Nxd5 5. d4 e6 6. Nf3 Be7 7. O-O O-O 8.
Ne5 Be8 9. c4 Nb6 10. Be3 Nc6 11. f4 f6 12. Nf3 Bg6 13. Nc3 a5 14. Nh4 Bf7 15.
b3 a4 16. f5 axb3 17. fxe6 Be8 18. d5 b2 19. Rb1 Ne5 20. Bxb6 cxb6 21. Ne4 f5
22. Nxf5 Bg6 23. Nfg3 Rxf1+ 24. Bxf1 Rxa2 25. Qb3 Ra1 26. Qxb2 Rxb1 27. Qxb1
Ng4 28. Qd1 h5 29. h3 Ne3 30. Qe2 Nf5 31. Nxf5 Bxf5 32. d6 Bxe4 33. dxe7 Qd4+
34. Kh1 Bg6 35. Qa2 Qf6 36. Qa8+ Kh7 37. Qf8 Qxe6 38. Bd3 Qe1+ 39. Kh2 Qe5+ 40.
Kh1 Qe1+ 1/2-1/2

[Event "XIV Miedzynarodowe Mistrzostwa Gdanska "]
[Site "Centrum Edukacji Nauczycieli "]
[Date "2012.??.??"]
[Round "9.30"]
[White "Badyra, Wasyl"]
[Black "Maksimenko, Andrei Jr"]
[Result "0-1"]
[WhiteElo "1650"]
[BlackElo "1874"]
[PlyCount "63"]
[EventDate "2012.??.??"]

1. e4 c5 2. Nf3 e6 3. d4 cxd4 4. Nxd4 a6 5. Nc3 Qc7 6. Bd3 Bc5 7. Nb3 Be7 8.
Qg4 g6 9. Bf4 d6 10. Qg3 Nf6 11. Be2 O-O 12. O-O-O Rd8 13. h4 Nc6 14. h5 b5 15.
hxg6 fxg6 16. Bh5 Bf8 17. Bg5 Bg7 18. Bf3 Ne5 19. Bf4 b4 20. Bxe5 dxe5 21.
Rxd8+ Qxd8 22. Nd1 Qc7 23. Qh3 a5 24. Kb1 a4 25. Nc1 Ra6 26. g4 Bf8 27. g5 Ne8
28. Be2 Rb6 29. Ne3 a3 30. b3 Bc5 31. Nd3 Bd4 32. Ng4 0-1

[Event "XIV Miedzynarodowe Mistrzostwa Gdanska "]
[Site "Centrum Edukacji Nauczycieli "]
[Date "2012.??.??"]
[Round "9.31"]
[White "Czarkowski, Tomasz"]
[Black "Pawlowski, Pawel"]
[Result "0-1"]
[WhiteElo "1636"]
[BlackElo "1837"]
[PlyCount "100"]
[EventDate "2012.??.??"]

1. d4 Nf6 2. c4 g6 3. Nc3 Bg7 4. Bf4 O-O 5. Nf3 d6 6. h3 Bf5 7. e3 c6 8. Bd3
Bxd3 9. Qxd3 a6 10. a4 b6 11. O-O Nbd7 12. Rab1 Re8 13. e4 Nf8 14. Rfd1 Ne6 15.
Be3 Qc7 16. b4 Red8 17. d5 Nf8 18. Nd4 c5 19. bxc5 bxc5 20. Nc6 Re8 21. Rb3
N8d7 22. Rdb1 Ne5 23. Nxe5 dxe5 24. Rb7 Qa5 25. R1b3 Bf8 26. f4 exf4 27. Bxf4
Rac8 28. g4 h5 29. e5 hxg4 30. exf6 gxh3 31. fxe7 Rxe7 32. Rxe7 Bxe7 33. d6 Bf6
34. d7 Rd8 35. Rb7 Bxc3 36. Bc7 Bd4+ 37. Kh2 Qe1 38. Rb1 Qf2+ 39. Kxh3 Rxd7 40.
Rb8+ Kg7 41. Bg3 Qf5+ 42. Qxf5 gxf5 43. Ra8 Rb7 44. Rxa6 Rb4 45. a5 Rxc4 46.
Ra8 Ra4 47. a6 c4 48. Bf4 c3 49. Rd8 Bf6 50. Rd6 Rxf4 0-1

[Event "XIV Miedzynarodowe Mistrzostwa Gdanska "]
[Site "Centrum Edukacji Nauczycieli "]
[Date "2012.??.??"]
[Round "9.32"]
[White "Ciesielski, Tomasz"]
[Black "Teclaf, Pawel"]
[Result "1/2-1/2"]
[WhiteElo "1837"]
[BlackElo "1631"]
[PlyCount "91"]
[EventDate "2012.??.??"]

1. e4 e5 2. Nf3 Nc6 3. Bb5 a6 4. Ba4 Nf6 5. d3 b5 6. Bb3 Be7 7. c3 O-O 8. O-O
d5 9. Bg5 dxe4 10. Bxf6 exf3 11. Bxe7 Qxe7 12. Qxf3 Bb7 13. Nd2 Na5 14. Qe3
Nxb3 15. Nxb3 Rad8 16. Rfe1 Rd6 17. Nc5 Ba8 18. Qxe5 Qh4 19. Re3 Rd5 20. Qxc7
Rf5 21. Rf1 Rg5 22. Rg3 Rh5 23. h3 Rf5 24. Rg4 Qh6 25. Ne4 Rd5 26. Rg3 f5 27.
Nc5 f4 28. Rg4 Rg5 29. Rxg5 Qxg5 30. f3 Re8 31. Ne4 Qd5 32. Qxf4 Qxd3 33. Rf2
Rf8 34. Qd2 Qb1+ 35. Kh2 Qxa2 36. Qd4 Qe6 37. Ng3 Qg6 38. Re2 Qg5 39. Qg4 Qc5
40. Nh5 Qc7+ 41. Qg3 Qf7 42. Qg5 h6 43. Qg4 Bc6 44. Qe6 Bb7 45. Qxf7+ Rxf7 46.
Ng3 1/2-1/2

[Event "XIV Miedzynarodowe Mistrzostwa Gdanska "]
[Site "Centrum Edukacji Nauczycieli "]
[Date "2012.??.??"]
[Round "9.33"]
[White "Kindler, Przemyslaw"]
[Black "Belczewski, Jacek"]
[Result "1-0"]
[WhiteElo "1787"]
[BlackElo "1498"]
[PlyCount "99"]
[EventDate "2012.??.??"]

1. e4 e6 2. d4 d5 3. exd5 exd5 4. Nf3 Bd6 5. Bd3 Nf6 6. O-O O-O 7. Bg5 h6 8.
Bh4 Bg4 9. Nbd2 Nbd7 10. c4 c6 11. Re1 Qc7 12. Bg3 Bxg3 13. fxg3 Rfe8 14. Qc2
Qd6 15. Qb3 Rab8 16. Rxe8+ Nxe8 17. Re1 b6 18. Ne5 Nxe5 19. dxe5 Qc5+ 20. Kf1
Nc7 21. Qc3 Re8 22. b4 Qe7 23. h3 Be6 24. Kg1 Rd8 25. a3 Qd7 26. Rd1 Kh8 27.
Bc2 g6 28. Ne4 d4 29. Qd2 Kg7 30. Nd6 c5 31. bxc5 bxc5 32. Nb7 Rc8 33. Nxc5 Qc6
34. Qxd4 Ne8 35. Nxe6+ Qxe6 36. Bb3 Rb8 37. Ba4 Kg8 38. c5 Nc7 39. Qd6 Qc8 40.
Bd7 Qb7 41. Rf1 Nb5 42. Bxb5 Qxb5 43. e6 fxe6 44. Qxe6+ Kh8 45. Qf6+ Kh7 46.
Qe7+ Kh8 47. Rf7 Qb1+ 48. Kh2 g5 49. Qf6+ Kg8 50. Qg7# 1-0

[Event "XIV Miedzynarodowe Mistrzostwa Gdanska "]
[Site "Centrum Edukacji Nauczycieli "]
[Date "2012.??.??"]
[Round "9.34"]
[White "Bobryk, Konrad"]
[Black "Janik, Igor"]
[Result "1/2-1/2"]
[WhiteElo "1558"]
[BlackElo "1767"]
[PlyCount "81"]
[EventDate "2012.??.??"]

1. d4 Nf6 2. c4 g6 3. Nc3 Bg7 4. e4 O-O 5. Nf3 d6 6. h3 Nbd7 7. Bd3 e5 8. d5
Nc5 9. Bc2 a5 10. Bg5 c6 11. Qd2 Qc7 12. O-O-O Ne8 13. Be3 Na6 14. b3 Nb4 15.
dxc6 Qxc6 16. a3 Nxc2 17. Kxc2 Be6 18. a4 f6 19. Nd5 Rf7 20. Kb2 Bf8 21. Rc1
Nc7 22. Rhd1 Ra6 23. Ng1 f5 24. f3 f4 25. Bf2 Qe8 26. Ne2 Bxd5 27. cxd5 b5 28.
Nc3 bxa4 29. Nxa4 Nb5 30. Ka2 Rb7 31. Rb1 Be7 32. Rdc1 Bd8 33. Rc4 Qd7 34. Rbc1
Ra8 35. Qb2 Rab8 36. Qc2 Na7 37. Bxa7 Rxa7 38. Rb1 Rab7 39. Qc3 Kf7 40. Qc2 Ke8
41. Qd1 1/2-1/2

[Event "XIV Miedzynarodowe Mistrzostwa Gdanska "]
[Site "Centrum Edukacji Nauczycieli "]
[Date "2012.??.??"]
[Round "9.36"]
[White "Dobrowolski, Henryk"]
[Black "Szymanowski, Igor"]
[Result "0-1"]
[WhiteElo "1883"]
[BlackElo "1639"]
[PlyCount "60"]
[EventDate "2012.??.??"]

1. d4 Nf6 2. c4 g6 3. Nc3 Bg7 4. e4 d6 5. Bd3 O-O 6. h3 Nbd7 7. Be3 c5 8. d5
Ne5 9. Be2 Ne8 10. f4 Nd7 11. g4 a6 12. Qc2 Rb8 13. a4 Nc7 14. Nf3 b5 15. axb5
axb5 16. Nxb5 Nxb5 17. cxb5 e6 18. dxe6 fxe6 19. O-O Bb7 20. Rad1 Qe7 21. Qd2
d5 22. e5 d4 23. Bf2 Bxf3 24. Bxf3 Nxe5 25. Be2 Nd7 26. Bd3 Nb6 27. b3 Nd5 28.
f5 gxf5 29. gxf5 Ne3 30. fxe6 Qg5+ 0-1

[Event "XIV Miedzynarodowe Mistrzostwa Gdanska "]
[Site "Centrum Edukacji Nauczycieli "]
[Date "2012.??.??"]
[Round "9.39"]
[White "Zhuk, Dmitriy"]
[Black "Zaytseva, Kira"]
[Result "1/2-1/2"]
[WhiteElo "1605"]
[BlackElo "1643"]
[PlyCount "24"]
[EventDate "2012.??.??"]

1. e4 g6 2. d4 Bg7 3. Nf3 d6 4. Bd3 Nc6 5. Be3 Nf6 6. O-O O-O 7. Nbd2 b6 8. c3
Bb7 9. Qc2 e6 10. a3 Qe7 11. e5 dxe5 12. Nxe5 Nd5 1/2-1/2

[Event "XIV Miedzynarodowe Mistrzostwa Gdanska "]
[Site "Centrum Edukacji Nauczycieli "]
[Date "2012.??.??"]
[Round "9.41"]
[White "Wojszkun, Tadeusz"]
[Black "Tamon, Radoslaw"]
[Result "0-1"]
[WhiteElo "1809"]
[BlackElo "1623"]
[PlyCount "64"]
[EventDate "2012.??.??"]

1. d4 Nf6 2. Nf3 g6 3. b3 Bg7 4. Bb2 O-O 5. e3 d6 6. Be2 Bf5 7. O-O Qd7 8. c4
Nc6 9. Nc3 Rae8 10. d5 Nd8 11. Nd4 c6 12. Bf3 Bg4 13. Rb1 c5 14. Nc2 Bxf3 15.
Qxf3 Ng4 16. e4 Ne5 17. Qe2 f5 18. f4 Ng4 19. h3 Nh6 20. e5 e6 21. dxe6 Rxe6
22. Qd2 Nhf7 23. Rbd1 a6 24. Rfe1 Rfe8 25. Ne3 Nc6 26. Ned5 Qd8 27. exd6 Nxd6
28. Na4 Ne4 29. Qc1 Bd4+ 30. Bxd4 Nxd4 31. Rxe4 Rxe4 32. Nxc5 Ne2+ 0-1

[Event "XIV Miedzynarodowe Mistrzostwa Gdanska "]
[Site "Centrum Edukacji Nauczycieli "]
[Date "2012.??.??"]
[Round "9.42"]
[White "Czerwinski, Bogumil"]
[Black "Wicikowska, Agata"]
[Result "1-0"]
[WhiteElo "1739"]
[BlackElo "1487"]
[PlyCount "39"]
[EventDate "2012.??.??"]

1. e4 e5 2. Nf3 Nc6 3. Bb5 Nf6 4. O-O Nxe4 5. Re1 Nd6 6. Bxc6 dxc6 7. Nxe5 Be7
8. d4 O-O 9. Qe2 Bf6 10. Bf4 Be6 11. b3 Nf5 12. c3 Nxd4 13. cxd4 Qxd4 14. Bd2
Bg4 15. Bc3 Qxc3 16. Nxc3 Bxe2 17. Rxe2 Rfe8 18. Rae1 Rad8 19. f4 Kf8 20. Nd7+
1-0

[Event "XIV Miedzynarodowe Mistrzostwa Gdanska "]
[Site "Centrum Edukacji Nauczycieli "]
[Date "2012.??.??"]
[Round "9.44"]
[White "Frej, Zofia"]
[Black "Zelajtys, Jozef"]
[Result "1-0"]
[WhiteElo "1545"]
[BlackElo "1628"]
[PlyCount "91"]
[EventDate "2012.??.??"]

1. e4 e5 2. Nf3 Nf6 3. d4 exd4 4. e5 Ng4 5. h3 Nh6 6. Qxd4 Nc6 7. Qe4 Be7 8.
Bd3 d5 9. exd6 Qxd6 10. Bxh6 gxh6 11. Nc3 a6 12. O-O-O Be6 13. Bxa6 Qb4 14.
Qxb4 Nxb4 15. Bxb7 Rb8 16. Bd5 Bxd5 17. Nxd5 Nxa2+ 18. Kb1 Nb4 19. Nxc7+ Kf8
20. Nd5 Nxd5 21. Rxd5 Bf6 22. b3 Ra8 23. Ne5 Kg7 24. c3 Ra7 25. Kc2 Ra2+ 26.
Kd3 Rxf2 27. Rg1 Bg5 28. Nf3 Bf6 29. Nd4 Ra8 30. Ne2 Ra2 31. Ng3 Rad2+ 32. Ke4
Bxc3 33. Nf5+ Kf6 34. Rxd2 Bxd2 35. Nd4 h5 36. Kd3 Bb4 37. g4 h4 38. g5+ Kg7
39. Rg4 Bd2 40. Ne2 Be1 41. Ng1 Rd2+ 42. Kc4 Rc2+ 43. Kb5 Rc3 44. b4 Bf2 45.
Ne2 Bg3 46. Nxc3 1-0